00482nam a2200145Ia 4500008004100000041000800041082001400049100002100063245003500084260003700119300003100156365001200187999001500199952012200214240624s9999 xx 000 0 und d aeng a338.5 KRO aKROUSE CLEMENT G aTHEORY OF INDUSTRIAL ECONOMICS c1990aCambridgebBasil Blackwell axxi, : 602 : p. : cm. ; 25 cBPSb35 c7591d7591 00104070aIMTNbIMTNcRack 11-Bd2007-11-30eBUg40.00o338.5 KROp7591r2024-06-24 00:00:00t80.52w2024-06-24yBK